Reconnaitras tu ces acteurs français ? - Statistiques

Statistiques générales
  • Ce quiz a été pris 187 fois
  • Le résultat moyen est 12 sur 20
Statistiques - réponses
Par images Réponse % Correct
Louis de funes
99%
Omar Sy
98%
Jean Dujardin
95%
Gerard depardieu
91%
Jean Reno
88%
Jean paul belmondo
83%
Vincent Cassel
81%
Alain Delon
68%
Jean Rochefort
63%
Jean gabin
62%
Fabrice Luchini
57%
Daniel Auteuil
52%
Lino Ventura
52%
Jean pierre Bacri
39%
Patrick Dewaere
37%
Yves Montand
35%
Gaspard Ulliel
32%
Michel Serrault
26%
Philippe Noiret
26%
Jean louis trintignant
24%
Aucun quiz correspondant
Distribution des résultats
% des personnes avec chaque résultat
Percentile par nombre de réponses
Votre historique - résultats
Vous n’avez pas pris ce quiz